|
|
|
|
| LEADER |
00000nab a2200000 a 4500 |
| 001 |
vtls000421038 |
| 003 |
SK-MaSNL |
| 005 |
20260303002134.0 |
| 008 |
140302c1991 xo 0 slo |
| 015 |
|
|
|a SNBRB19rr/mm-uuuuu
|
| 035 |
|
|
|a CL0421166
|
| 040 |
|
|
|a SNKBUCL
|b slo
|c SNKBUCL
|e AACR2
|
| 041 |
0 |
|
|a slo
|
| 044 |
|
|
|a xo
|c SK
|
| 080 |
|
|
|a 159.923:061.3
|2 1981
|
| 080 |
|
|
|a 061.3
|2 1981
|
| 100 |
1 |
|
|a Mešková, Marta
|4 aut
|9 591084
|
| 245 |
1 |
0 |
|a Naučme sa žiť!
|c Marta Mešková, Eva Kmeťová, Matilda Macháčová
|
| 650 |
0 |
7 |
|a osobnosť (psych.)
|2 snkbucl
|9 926485
|
| 655 |
|
7 |
|a články z novín a časopisov
|2 snkbucl
|9 267496
|
| 700 |
1 |
|
|a Kmeťová, Eva
|4 aut
|9 285340
|
| 700 |
1 |
|
|a Macháčová, Matilda,
|d 1938-
|4 aut
|9 179446
|
| 773 |
0 |
|
|t Učiteľské noviny
|g Roč. 41, č. 28 (1991), s. 1 a 3
|
| 850 |
|
|
|a Slovenská národná knižnica v Martine
|a MTA001
|
| 852 |
|
|
|a SNK
|b KIS3GCP
|
| 957 |
|
|
|a 5313
|
| 958 |
|
|
|a RK
|
| 992 |
|
|
|a RBX
|
| 999 |
|
|
|c 1566445
|d 1568375
|